000 00902nam a2200265 i 4500
003 EG-ScBUE
005 20250526111050.0
008 250429t1969 nyua f 001 0 eng d
020 _a0471632708
040 _aEG-ScBUE
_beng
_erda
_cEG-ScBUE
_dEG-ScBUE
082 0 4 _a531.2077
_bNEV
_222
100 1 _aNevill, Gale E.,
_eauthor.
245 1 0 _aProgrammed principles of statics /
_cGale E. Nevill, Jr., Department of Engineering Sciences and Mechanics, University of Florida.
264 1 _aNew York :
_bJohn Wiley & Sons, INC.,
_c[1969]
264 4 _cc1969
300 _a184 pages :
_billustrations ;
_c26 cm
336 _2rdacontent
_atext
_btxt
337 _aunmediated
_2rdamedia
_bn
338 _avolume
_bnc
_2rdacarrier
500 _aIncludes index.
650 7 _aStatics
_xProgrammed instruction.
_2BUEsh
655 _vReading book
942 _cBB
_2ddc
999 _c1835
_d1835